Netherland Footballers 100 or International Caps - Sudden Death - Statistics

General Stats
  • This quiz has been taken 117 times
  • The average score is 3 of 9
Answers on the Grid
Answers color-coded by a green-red scale on the quiz's grid according to % correct below.
Arjen Robben
Aron Winter
Clarence Seedorf
Daley Blind
Dennis Bergkamp
Dirk Kuyt
Edgar Davids
Edwin van der Sar
Frank de Boer
Frank Rijkaard
Frenkie de Jong
Georginio Wijnaldum
Giovanni van Bronckhorst
Gregory van der Wiel
Johan Cruyff
John Heitinga
Klaas-Jan Huntelaar
Marc Overmars
Marco van Basten
Mark van Bommel
Memphis Depay
Nigel de Jong
Patrick Kluivert
Phillip Cocu
Rafael van der Vaart
Robin van Persie
Ronald Koeman
Roy Makaay
Ruud Gullit
Ruud van Nistelrooy
Virgil van Dijk
Wesley Sneijder
 
Answer Stats
Answer % Correct
Edwin van der Sar
58%
Daley Blind
47%
Frank de Boer
36%
Dirk Kuyt
33%
Giovanni van Bronckhorst
33%
Robin van Persie
25%
Wesley Sneijder
25%
Rafael van der Vaart
14%
Phillip Cocu
6%
No matching quizzes found
Score Distribution
Percent of People with Each Score
Percentile by Number Answered
Your Score History
You have not taken this quiz